Sports Quiz

Random Sports or NBA Quiz
Score 0/30 Timer 10:00
0 Plays Today
Hint Answer % Correct
1980-2003Michael Jordan
93.5%
1983-1994James Worthy
83.9%
1999-2015Vince Carter
80.6%
1996-2013Rasheed Wallace
51.6%
2006-2015Raymond Felton
51.6%
1999-2014Antawn Jamison
48.4%
1985-2001Sam Perkins
48.4%
2010-2015Ty Lawson
46.8%
1996-2013Jerry Stackhouse
41.9%
1987-1994Brad Daugherty
38.7%
1979-1985Phil Ford
38.7%
1973-1986Bob McAdoo
32.3%
1988-1997Kenny Smith
30.6%
2006-2015Marvin Williams
29%
1966-1976Billy Cunningham
25.8%
Hint Answer % Correct
1994-2005George Lynch
21%
1978-1992Walter Davis
19.4%
1990-2001JR Reid
19.4%
1971-1980Charlie Scott
17.7%
1992-2004Rick Fox
17.7%
1968-1972Larry Brown
16.1%
2002-2015Brendan Haywood
14.5%
1993-2004Hubert Davis
12.9%
1977-1986Mitch Kupchak
12.9%
1975-1986Bobby Jones
11.3%
1997-2008Jeff McInnis
11.3%
1982-1987Al Wood
11.3%
1991-2005Scott Williams
11.3%
1969-1975Larry Miller
4.8%
1968-1972Doug Moe
4.8%
Remove Ads.
Support Sporcle.
Get the best of Sporcle when you Go Orange. This ad-free experience offers more features, more stats, and more fun while also helping to support Sporcle. Thank you for becoming a member.

You're not logged in!

Compare scores with friends on all Sporcle quizzes.
OR
Log In

Show Comments

Extras

Created Dec 30, 2014ReportNominate
Tags:NBA Quiz, Former, Player

Top Quizzes Today


Score Distribution

Your Account Isn't Verified!

In order to create a playlist on Sporcle, you need to verify the email address you used during registration. Go to your Sporcle Settings to finish the process.

Report this User

Report this user for behavior that violates our Community Guidelines.

Details: